[Event "Robecchetto op-C 24th"]
[Site "Robecchetto"]
[Date "2013.12.30"]
[Round "6"]
[White "Posapiano, Giacomo"]
[Black "Frignani, Alessandro"]
[Result "1-0"]
[WhiteElo "1598"]
[BlackElo "1369"]
[PlyCount "81"]
[EventDate "2013.12.27"]
[EventType "swiss"]
[EventRounds "6"]
[EventCountry "ITA"]
[SourceTitle "EXT 2023"]
[Source "ChessBase"]
[SourceDate "2022.10.05"]
[SourceVersion "1"]
[SourceVersionDate "2022.10.05"]
[SourceQuality "1"]

1. Nf3 d5 2. d4 e6 3. c3 c5 4. Bf4 Qb6 5. Qc2 Nc6 6. e3 g6 7. a4 a6 8. Nbd2 Bg7 9. Nb3 c4 10. Nbd2 a5 11. e4 Nge7 12. Be2 Bd7 13. 0-0 Rc8 14. b3 cxb3 15. Nxb3 Nxd4 16. Nbxd4 Bxd4 17. Nxd4 Qxd4 18. Rfc1 Qxe4 19. Qd2 e5 20. Bh6 Qf5 21. Bf3 e4 22. Qd4 f6 23. Be2 Rg8 24. Be3 Nc6 25. Qb6 Rb8 26. Bb5 Qe6 27. Bf4 Ne5 28. Bxd7+ Qxd7 29. Qxf6 Nc6 30. Bxb8 Nxb8 31. Qe5+ Kf7 32. Rd1 Rd8 33. Rab1 Nc6 34. Qf4+ Kg7 35. Rb6 Rf8 36. Qd2 Rb8 37. Rdb1 Ne7 38. Qf4 Nc6 39. Rxc6 Qxc6 40. Qxb8 Qxc3 41. Rxb7+ 1-0